Wordt geladen...

New Nepal : the fault lines

Bibliografische gegevens
Hoofdauteur: Nischal Nath Pandey
Formaat: Printed Book
Gepubliceerd in: New Delhi Sage 2010
Onderwerpen:
LEADER 00651nam a22002051a 4500
020 |a 9788132103165  |c 0.00 
040 |a SSUS - Library - Kalady 
082 |a 954.96  |b NIS/N 
100 |a Nischal Nath Pandey 
245 |a New Nepal : the fault lines  |h [Text] 
260 |a New Delhi  |b Sage  |c 2010 
300 |a 165p. 
600 |a History 
600 |a History Nepal 
600 |a Politics Nepal 
600 |a Social Conditions Nepal 
852 |h 954.96  |i NIS/N  |p 065837  |9 495.00  |t 0 
942 |c BK 
999 |c 31269  |d 31269 
952 |0 0  |1 0  |4 0  |6 954_960000000000000_NIS_N  |7 0  |9 45111  |a SSUS  |b SSUS  |d 2015-01-08  |g 495.00  |o 954.96 NIS/N  |p 065837  |r 2015-01-08  |v 0.00  |w 2015-01-08  |y BK